| 000 | 01237nam a2200289 a 4500 | ||
|---|---|---|---|
| 001 | 40493 | ||
| 003 | BD-RjUL | ||
| 005 | 20211209053228.0 | ||
| 008 | 160503b20072003ii a|||| |||| 00| 0 ben d | ||
| 020 |
_a8171021174 (V-1) _c: IRs.140.00 |
||
| 020 |
_a8171020321 (V-2) _c: IRs.120.00 |
||
| 020 |
_a8171021484 (V-3) _c: IRs.200.00 |
||
| 035 | _a(BD-RjUL)40608 | ||
| 040 |
_aBD-RjUL _bben _cBD-RjUL |
||
| 041 | _aben | ||
| 082 |
_223 _a294.5211 _bBHH 2003-2007 |
||
| 100 |
_aভট্টাচার্য, হংসনারায়ণ _9124712 |
||
| 245 | 1 | 0 |
_aহিন্দুদের দেবদেবী : _bউদ্ভব ও ক্রমবিকাশ / _cহংসনারায়ণ ভট্টাচার্য |
| 250 | _a২য় | ||
| 260 |
_aকলকাতা : _bফার্মা কেএলএম প্রাইভেট লিমিটেড, _c২০০৩-২০০৭ |
||
| 300 |
_a পর্ব : _bচিত্র ; _c২১ সেমি. |
||
| 504 | _aনির্দেশিকা সংযুক্ত | ||
| 505 | 0 | _aপর্ব ১ -- পর্ব ২ -- পর্ব ৩ -- | |
| 650 |
_aহিন্দু দেবতা _9124713 |
||
| 650 |
_aHindu godesses _9124714 |
||
| 942 |
_2ddc _cBK |
||
| 999 |
_c40493 _d40493 |
||